|
|
|
|
| LEADER |
01190nam a22002897a 4500 |
| 001 |
38940 |
| 003 |
BD-DhAAL |
| 008 |
220620t2021 nyua 001 0 eng d |
| 999 |
|
|
|c 44386
|d 44386
|
| 020 |
|
|
|a 9781260571226
|
| 020 |
|
|
|a 126057122X
|
| 040 |
|
|
|a BD-DhAAL
|c BD-DhAAL
|
| 082 |
0 |
0 |
|a 576.5
|2 22
|
| 100 |
1 |
|
|a Brooker, Robert J.
|9 10284
|
| 245 |
1 |
0 |
|a Genetics :
|b analysis & principles /
|c Robert J. Brooker.
|
| 250 |
|
|
|a Seventh edition
|
| 260 |
|
|
|a New York :
|b McGraw-Hill,
|c c2021.
|
| 300 |
|
|
|a xii, 761, [85] pages :
|b color illustrations ;
|c 29 cm.
|
| 500 |
|
|
|a Includes index.
|
| 526 |
|
|
|a PHR
|
| 541 |
|
|
|a Karim International
|e 38940, 38941
|
| 650 |
|
0 |
|a Genetics.
|9 6960
|
| 650 |
|
0 |
|a Pharmacy.
|9 44438
|
| 852 |
|
|
|a Ayesha Abed Library
|c General Stacks
|
| 942 |
|
|
|2 ddc
|c BK
|
| 952 |
|
|
|0 0
|1 0
|2 ddc
|4 0
|6 576_500000000000000_BRO
|7 0
|9 70925
|a BRACUL
|b BRACUL
|c GEN
|d 2022-06-15
|e Karim International
|g 4690.00
|l 5
|m 7
|o 576.5 BRO
|p 3010038941
|r 2025-05-12
|s 2025-05-05
|t 2
|v 4690.00
|w 2022-06-15
|y BK
|
| 952 |
|
|
|0 0
|1 0
|2 ddc
|4 0
|6 576_500000000000000_BRO
|7 0
|9 70926
|a BRACUL
|b BRACUL
|c GEN
|d 2022-06-15
|e Karim International
|g 4690.00
|l 5
|m 55
|o 576.5 BRO
|p 3010038940
|r 2025-12-17
|s 2025-12-10
|t 1
|v 4690.00
|w 2022-06-15
|y BK
|